000 01443nam a22002417a 4500
001 BINCO
003 CO-MdBIC
005 20220427171153.0
008 220427b2005 ck a|||| |||| 00| 0 spa d
020 _a8466209131
040 _a CO-MdBIC
_bspa.
_cCO-MdBIC
_d CO-MdBIC
041 _aspa
082 _222
_a868
_bL864
100 _a López Pastor, Jesús
245 _aMitología griega y romana
_c/López Pastor, Jesús, ilustrador
260 1 _aBogotá, Colombia:
_bPanamericana,
_c[2005]
260 4 _a© 2005
300 _a46 paginas;
_bilustraciones a color:
_c27 cm.
490 _amitología
500 _aLos mitos griegos, que después Roma adaptó a sus propias creencias y formas de narrar, son la base del desarrollo occidental. En Mitología griega y romana se ofrece una selección de las historias más famosas y características de estas dos raíces culturales. Los jóvenes lectores encontrarán en sus páginas a los doce dioses del Olimpo y sus correlativos latinos, los héroes como Ulises, Hércules o Prometeo y también personajes monstruosos y terribles como el Minotauro, pero siempre serán historias en las que los grandes sentimientos de amor, odio, tradición o valor tendrán en vilo a quien se aventure a leerlas. Acompañando a la magia de la narración, preciosas ilustraciones a todo color ofrecen una doble dimensión del contenido.
650 7 _9100
_aEducación infantil
_xmitología
942 _cLGB
999 _c67827
_d67827